Applicable recycling technologies for redevelopment of decanting plants originating from combustion processes

Salvato in:
Dettagli Bibliografici
Autore principale: Bosák, Martin, 1967-
Altri autori: Majerník, Milan, 1952-, Andrejovský, Pavol, 1975-, Hronec, Ondrej, Huttmanová, Emília
Natura: Capitolo di libro
Lingua:inglese
Tags: Aggiungi Tag
Nessun Tag, puoi essere il primo ad aggiungerne!!

MARC

LEADER 00000naa$a2200000$$$4500
001 0178860
005 20240502083421.4
041 0 |a eng 
044 |a BG 
245 1 0 |a Applicable recycling technologies for redevelopment of decanting plants originating from combustion processes  |c Martin Bosák, Milan Majerník, Pavol Andrejovský, Ondrej Hronec, Emília Huttmanová 
100 1 |a Bosák, Martin, 1967- 
700 1 |a Majerník, Milan, 1952- 
700 1 |a Andrejovský, Pavol, 1975- 
700 1 |a Hronec, Ondrej 
700 1 |a Huttmanová, Emília